Schaum's outline of theory and problems of statistics and econometrics/ (Record no. 9895)

MARC details
000 -LEADER
fixed length control field 00635nam a22002057a 4500
003 - CONTROL NUMBER IDENTIFIER
control field OSt
005 - DATE AND TIME OF LATEST TRANSACTION
control field 20260427011122.0
008 - FIXED-LENGTH DATA ELEMENTS--GENERAL INFORMATION
fixed length control field 260427b |||||||| |||| 00| 0 eng d
020 ## - INTERNATIONAL STANDARD BOOK NUMBER
International Standard Book Number 0-07-134852-2
040 ## - CATALOGING SOURCE
Original cataloging agency DWC-Main lib.
Transcribing agency OC
082 ## - DEWEY DECIMAL CLASSIFICATION NUMBER
Edition number 2nd ed.
Classification number Circ. 519.5 Sa39s 2002
100 ## - MAIN ENTRY--PERSONAL NAME
Personal name Reagle, Derrick
245 ## - TITLE STATEMENT
Title Schaum's outline of theory and problems of statistics and econometrics/
Statement of responsibility, etc. Derrick Reagle
260 ## - PUBLICATION, DISTRIBUTION, ETC.
Place of publication, distribution, etc. New York :
Name of publisher, distributor, etc. McGraw-Hill,
Date of publication, distribution, etc. c2002.
300 ## - PHYSICAL DESCRIPTION
Extent iii, 328 p. ;
Dimensions 28 cm.
504 ## - BIBLIOGRAPHY, ETC. NOTE
Bibliography, etc. note Includes index.
700 ## - ADDED ENTRY--PERSONAL NAME
Personal name Salvatore, Dominick
760 ## - MAIN SERIES ENTRY
Edition 2nd ed.
942 ## - ADDED ENTRY ELEMENTS (KOHA)
Source of classification or shelving scheme Dewey Decimal Classification
Koha item type Book Circulation
Edition 2nd ed.
Classification part Circ.
Suppress in OPAC No
952 ## - LOCATION AND ITEM INFORMATION (KOHA)
--
952 ## - LOCATION AND ITEM INFORMATION (KOHA)
--
Holdings
Withdrawn status Lost status Source of classification or shelving scheme Damaged status Not for loan Home library Current library Shelving location Date acquired Source of acquisition Total Checkouts Full call number Barcode Date last seen Copy number Price effective from Koha item type Uniform Resource Identifier
    Dewey Decimal Classification     College Library College Library Circulation 04/27/2026 School Fund   Circ. 519.5 Sa39s 2002 CL39672 04/27/2026 c1 04/27/2026 BK-CIRC
    Dewey Decimal Classification     College Library College Library Circulation 04/27/2026 School Fund   Circ. 519.5 Sa39s 2002 CL39673 04/27/2026 c2 04/27/2026 BK-CIRC